[Event "World Rapid Team 2023"]
[Site "Dusseldorf GER"]
[Date "2023.08.27"]
[Round "8.3"]
[Board "3"]
[White "Baskin, Robert"]
[Black "Karthik, Venkataraman"]
[Result "0-1"]
[WhiteTitle "IM"]
[BlackTitle "GM"]
[WhiteElo "2451"]
[BlackElo "2562"]
[WhiteTeam "Berlin Chess Federation"]
[BlackTeam "Six-pack"]
[WhiteFideId "24662402"]
[BlackFideId "25006479"]
[EventDate "2023.08.26"]

1. e4 c5 2. Nf3 d6 3. d4 cxd4 4. Nxd4 Nf6 5. Nc3 a6 6. Be3 e5 7. Nb3 Be6 8. f4
Nc6 9. f5 Bxb3 10. axb3 Be7 11. Bc4 Rc8 12. Nd5 O-O 13. Nxf6+ Bxf6 14. c3 Bg5
15. Bf2 Ne7 16. h4 Bh6 17. Bd5 Qd7 18. g4 Bf4 19. Rh3 Kh8 20. Rd3 g6 21. Qf3 Qb5
22. c4 Qd7 23. Rad1 Qc7 24. f6 Nxd5 25. Rxd5 b5 26. cxb5 axb5 27. Be3 Qa5+ 28.
Kf1 Qa2 29. Bxf4 exf4 30. R5d2 Rfe8 31. Rxd6 Qxb2 32. Qxf4 Qxb3 33. R6d3 Qb2 34.
g5 h5 35. Rd7 Qb3 36. R1d3 Qa2 37. Rd1 Qc4+ 38. Kf2 Rxe4 39. Qd2 Rxh4 40. Rd8+
Rxd8 41. Qxd8+ Kh7 42. Qd5 Rf4+ 43. Ke3 Qxd5 44. Rxd5 Rf5 45. Rd7 Kg8 46. Rd8+
Kh7 47. Rf8 Rxg5 48. Rxf7+ Kh6 49. Rf8 Rf5 50. Ke4 Kg5 51. f7 Kf6 0-1

[Event "World Rapid Team 2023"]
[Site "Dusseldorf GER"]
[Date "2023.08.27"]
[Round "8.3"]
[Board "4"]
[White "Pranesh, M"]
[Black "Lagunow, Raphael"]
[Result "1-0"]
[WhiteTitle "GM"]
[BlackTitle "IM"]
[WhiteElo "2503"]
[BlackElo "2413"]
[WhiteTeam "Six-pack"]
[BlackTeam "Berlin Chess Federation"]
[WhiteFideId "35028600"]
[BlackFideId "24652644"]
[EventDate "2023.08.26"]

1. e4 c5 2. Nf3 Nc6 3. d4 cxd4 4. Nxd4 Nf6 5. Nc3 e5 6. Ndb5 d6 7. Nd5 Nxd5 8.
exd5 Ne7 9. c4 Ng6 10. Qa4 Bd7 11. Qb4 Bf5 12. h4 h5 13. Bg5 Qb8 14. Be2 a6 15.
Nc3 Qc7 16. g3 Be7 17. Be3 e4 18. Qa4+ Bd7 19. Qd1 O-O 20. Nxe4 Rfe8 21. Nc3 Ne5
22. O-O Bg4 23. Bd4 Bxe2 24. Qxe2 Qxc4 25. Qxc4 Nxc4 26. Kg2 Bf6 27. Bxf6 gxf6
28. b3 Nb6 29. Rfe1 f5 30. Kf3 Kg7 31. Rxe8 Rxe8 32. Rd1 Re5 33. Rd4 Kf6 34. Rd1
Re8 35. Ne2 Rc8 36. Nf4 Rc3+ 37. Kg2 Rc2 38. Nxh5+ Ke5 39. Re1+ Kd4 40. Nf6 Rc8
41. Kf3 Rh8 42. Kf4 Nxd5+ 43. Nxd5 Kxd5 44. Kxf5 Rh6 45. Rh1 Kd4 46. g4 f6 47.
f4 Ke3 48. h5 d5 49. g5 fxg5 50. fxg5 Rh8 51. g6 d4 52. g7 Rg8 53. h6 d3 54. h7
Rxg7 55. h8=Q 1-0

[Event "World Rapid Team 2023"]
[Site "Dusseldorf GER"]
[Date "2023.08.27"]
[Round "8.3"]
[Board "5"]
[White "Paehtz, Elisabeth"]
[Black "Priyanka, Nutakki"]
[Result "1-0"]
[WhiteTitle "GM"]
[BlackTitle "WGM"]
[WhiteElo "2471"]
[BlackElo "2283"]
[WhiteTeam "Berlin Chess Federation"]
[BlackTeam "Six-pack"]
[WhiteFideId "4641833"]
[BlackFideId "25049615"]
[EventDate "2023.08.26"]

1. d4 d5 2. Bf4 c5 3. e3 Nc6 4. c3 Bf5 5. Nd2 e6 6. Ngf3 Bd6 7. dxc5 Bxc5 8. Nd4
Bg6 9. Qb3 Qd7 10. N2f3 f6 11. Nxe6 Qxe6 12. Qxb7 Rc8 13. Ba6 Rd8 14. b4 Bb6 15.
Qxg7 Qd7 16. Qxh8 Kf7 17. b5 Na5 18. Ne5+ fxe5 19. Bxe5 Kf8 20. O-O Nc4 21. Bd4
Bc7 22. b6 Nxb6 23. Bc5+ Kf7 24. Qd4 Nf6 25. Qh4 Rg8 26. Bd4 Ne4 27. f3 Nd2 28.
Qf6+ Ke8 29. Rfd1 Ndc4 30. a4 Bd8 31. Qf4 Bc7 32. Qh4 Bd8 33. Bf6 Kf7 34. Bxd8
Rxd8 35. a5 Nxa5 36. Rxa5 Rf8 37. Bf1 Kg8 38. Qd4 Qc7 39. Rda1 Nc8 40. Rxd5 Nb6
41. Rc5 Qe7 42. Bc4+ Nxc4 43. Rxc4 Rd8 44. Qc5 Qe6 45. e4 Bf7 46. Rd4 Rc8 47.
Qg5+ Kf8 48. Rd8+ Rxd8 49. Qxd8+ Kg7 50. Qd4+ Kg6 51. Rxa7 Qb3 52. Ra6+ 1-0

[Event "World Rapid Team 2023"]
[Site "Dusseldorf GER"]
[Date "2023.08.27"]
[Round "8.3"]
[Board "6"]
[White "Dinesh, Rajan M"]
[Black "Reichmann, Felix"]
[Result "1-0"]
[WhiteElo "1904"]
[BlackElo "1968"]
[WhiteTeam "Six-pack"]
[BlackTeam "Berlin Chess Federation"]
[WhiteFideId "35060600"]
[BlackFideId "16238290"]
[EventDate "2023.08.26"]

1. e4 c5 2. Nf3 Nc6 3. d4 cxd4 4. Nxd4 g6 5. c4 Bg7 6. Be3 Qa5+ 7. Nc3 d6 8. Be2
Nxd4 9. Bxd4 Bxd4 10. Qxd4 Nf6 11. O-O O-O 12. b3 Bd7 13. f4 Rfd8 14. Kh1 Bc6
15. Bf3 Kg7 16. Nd5 Bxd5 17. exd5 Qc5 18. Qb2 b5 19. Rac1 bxc4 20. Rxc4 Qb5 21.
Re1 Rac8 22. Rc6 Kg8 23. Qc3 Qb7 24. h3 Rxc6 25. dxc6 Qc7 26. b4 a6 27. Qc4 Rb8
28. a4 e6 29. b5 axb5 30. axb5 d5 31. Qc5 Ne8 32. Ra1 Nd6 33. Be2 Ne4 34. Qe3 e5
35. Ra7 exf4 36. Rxc7 fxe3 37. Rb7 Rc8 38. c7 Ng3+ 39. Kh2 Rxc7 40. Rxc7 Nxe2
41. b6 Nd4 42. b7 e2 43. b8=Q+ Kg7 44. Re7 Ne6 45. Qe5+ Kf8 46. Rxe6 1-0

[Event "World Rapid Team 2023"]
[Site "Dusseldorf GER"]
[Date "2023.08.27"]
[Round "8.4"]
[Board "1"]
[White "Moussard, Jules"]
[Black "Vachier-Lagrave, Maxime"]
[Result "1/2-1/2"]
[WhiteTitle "GM"]
[BlackTitle "GM"]
[WhiteElo "2661"]
[BlackElo "2739"]
[WhiteTeam "Chessbrah OFM"]
[BlackTeam "ASV AlphaEchecs Linz"]
[WhiteFideId "642908"]
[BlackFideId "623539"]
[EventDate "2023.08.26"]

1. e4 c5 2. Nc3 Nc6 3. Nf3 g6 4. Bb5 Bg7 5. O-O d6 6. e5 Bg4 7. Bxc6+ bxc6 8.
exd6 exd6 9. h3 Bxf3 10. Qxf3 Ne7 11. d3 h6 12. Bd2 O-O 13. Rae1 Rb8 14. b3 Nf5
15. Qd1 Nd4 16. Ne2 Nxe2+ 17. Qxe2 Re8 18. Qf3 Qd7 19. Bf4 h5 20. Qg3 Rbd8 21.
Bg5 Rxe1 22. Rxe1 Re8 23. Rxe8+ Qxe8 24. Qe3 Qxe3 25. fxe3 Kf8 26. Kf2 Ke8 27.
e4 Kd7 28. Kf3 Ke6 29. Bf4 f5 30. Bg3 fxe4+ 31. Kxe4 a6 32. Bf4 Bf6 33. Be3 Be5
34. Bf2 Bg7 35. Be3 Be5 36. Bf2 1/2-1/2

[Event "World Rapid Team 2023"]
[Site "Dusseldorf GER"]
[Date "2023.08.27"]
[Round "8.4"]
[Board "2"]
[White "Grischuk, Alexander"]
[Black "Van Foreest, Jorden"]
[Result "1/2-1/2"]
[WhiteTitle "GM"]
[BlackTitle "GM"]
[WhiteElo "2736"]
[BlackElo "2697"]
[WhiteTeam "ASV AlphaEchecs Linz"]
[BlackTeam "Chessbrah OFM"]
[WhiteFideId "4126025"]
[BlackFideId "1039784"]
[EventDate "2023.08.26"]

1. d4 d5 2. c4 c6 3. Nf3 Nf6 4. Nc3 dxc4 5. a4 e6 6. e4 Bb4 7. Bg5 c5 8. Bxc4
cxd4 9. Nxd4 Qa5 10. Bd2 Qc5 11. Bb5+ Bd7 12. Nb3 Qc7 13. O-O O-O 14. Rc1 Nc6
15. Bd3 a6 16. f4 e5 17. Nd5 Nxd5 18. exd5 Bxd2 19. Nxd2 Qb6+ 20. Kh1 Nb4 21.
Nc4 Qd4 22. Nxe5 Nxd3 23. Qxd3 Qxd3 24. Nxd3 Bxa4 25. Nc5 Bb5 26. Rfd1 b6 27.
Nb7 Rfb8 28. Nd6 Rd8 29. Nxb5 axb5 30. g3 Rac8 31. Rxc8 Rxc8 32. d6 Kf8 33. d7
Rd8 34. Rd6 Ke7 35. Rxb6 Rxd7 36. Rxb5 Rd2 37. Kg1 h5 38. h4 Kf6 39. Rxh5 Rxb2
40. Re5 g6 41. Kf1 Kg7 42. h5 gxh5 43. Rxh5 Kg6 44. Rg5+ Kf6 45. Re5 Kg6 46. Re2
Rb3 47. Kg2 f5 48. Re6+ Kh5 49. Re8 Kg6 50. Kh3 Rb1 51. Re6+ Kf7 52. Rc6 Rh1+
53. Kg2 Ra1 54. Rd6 Ke7 55. Rd3 Ke6 56. Kf3 Kf6 57. Rc3 Re1 58. Kf2 Re6 59. Kf3
Re1 60. Rc6+ Kf7 61. Kf2 Re4 62. Rc1 Kf6 63. Kg2 Re8 64. Rc6+ Kf7 65. g4 fxg4
66. Kg3 Re6 67. Rxe6 Kxe6 68. Kxg4 Kf6 69. f5 Kf7 70. Kg5 Kg7 71. f6+ Kf7 72.
Kf5 Kf8 73. Ke6 Ke8 74. f7+ Kf8 1/2-1/2

[Event "World Rapid Team 2023"]
[Site "Dusseldorf GER"]
[Date "2023.08.27"]
[Round "8.4"]
[Board "3"]
[White "Saric, Ivan"]
[Black "Maghsoodloo, Parham"]
[Result "1-0"]
[WhiteTitle "GM"]
[BlackTitle "GM"]
[WhiteElo "2657"]
[BlackElo "2702"]
[WhiteTeam "Chessbrah OFM"]
[BlackTeam "ASV AlphaEchecs Linz"]
[WhiteFideId "14508150"]
[BlackFideId "12539929"]
[EventDate "2023.08.26"]

1. e4 c6 2. d4 d5 3. e5 Bf5 4. h4 h5 5. Bd3 Bxd3 6. Qxd3 e6 7. Bg5 Qa5+ 8. Nd2
Qa6 9. c4 Bb4 10. b3 c5 11. Nf3 Nc6 12. O-O cxd4 13. Nxd4 Bxd2 14. Qxd2 dxc4 15.
Rfd1 Nge7 16. Nxc6 Nxc6 17. Qd6 b5 18. bxc4 b4 19. Rd3 Qc8 20. Rad1 Rb8 21.
Qxc6+ 1-0

[Event "World Rapid Team 2023"]
[Site "Dusseldorf GER"]
[Date "2023.08.27"]
[Round "8.4"]
[Board "4"]
[White "Bacrot, Etienne"]
[Black "Tari, Aryan"]
[Result "1-0"]
[WhiteTitle "GM"]
[BlackTitle "GM"]
[WhiteElo "2662"]
[BlackElo "2629"]
[WhiteTeam "ASV AlphaEchecs Linz"]
[BlackTeam "Chessbrah OFM"]
[WhiteFideId "605506"]
[BlackFideId "1510045"]
[EventDate "2023.08.26"]

1. e4 c6 2. d4 d5 3. e5 c5 4. Nf3 cxd4 5. Nxd4 Nc6 6. Nxc6 bxc6 7. Bd3 e6 8. O-O
a5 9. Qe2 Ne7 10. Nd2 Ng6 11. Nf3 Be7 12. g3 O-O 13. h4 f6 14. exf6 Bxf6 15. Ng5
e5 16. Nxh7 e4 17. Qh5 Ne5 18. Be2 g6 19. Nxf6+ Qxf6 20. Qg5 Ba6 21. Qxf6 Rxf6
22. Bxa6 Nf3+ 23. Kg2 Rxa6 24. b3 d4 25. c3 c5 26. Ba3 Rfc6 27. cxd4 cxd4 28.
Rfc1 d3 29. Rc5 Nd4 30. Rd1 Nc2 31. Rxc6 Rxc6 32. Bc1 Nb4 33. Re1 Rc2 34. Bg5
Re2 35. Kf1 Rxa2 36. Rxe4 Rb2 37. Re5 Nc6 38. Re6 Nd4 39. Rxg6+ Kf7 40. Rf6+ Ke8
41. Rd6 Rb1+ 42. Kg2 Nc2 43. Bd2 Rxb3 44. Bxa5 Ke7 45. Rd5 Ke6 46. Rd8 Ke7 47.
Rc8 Rb2 48. h5 Ne3+ 49. Kf3 Nd1 50. h6 Rxf2+ 51. Ke4 Rh2 52. h7 Nf2+ 53. Kf3 Kd7
54. h8=Q 1-0

[Event "World Rapid Team 2023"]
[Site "Dusseldorf GER"]
[Date "2023.08.27"]
[Round "8.4"]
[Board "5"]
[White "Khademalsharieh, Sarasadat"]
[Black "Lagno, Kateryna"]
[Result "1/2-1/2"]
[WhiteTitle "IM"]
[BlackTitle "GM"]
[WhiteElo "2488"]
[BlackElo "2552"]
[WhiteTeam "Chessbrah OFM"]
[BlackTeam "ASV AlphaEchecs Linz"]
[WhiteFideId "12512214"]
[BlackFideId "14109336"]
[EventDate "2023.08.26"]

1. d4 Nf6 2. c4 e6 3. Nc3 d5 4. cxd5 exd5 5. Bg5 Be7 6. e3 O-O 7. Bd3 Re8 8.
Nge2 Nbd7 9. Qc2 c6 10. O-O Nf8 11. f3 Ng6 12. Rae1 h6 13. Bxf6 Bxf6 14. Bxg6
fxg6 15. Nf4 Bf5 16. e4 Bxd4+ 17. Kh1 dxe4 18. fxe4 Bg4 19. Nxg6 Qg5 20. e5 Bxc3
21. bxc3 Bh5 22. Qb3+ Kh7 23. Nf4 Re7 24. e6 Rae8 25. Re3 Qc5 26. Rfe1 Qg5 27.
g3 Bg6 28. Qd1 Bf5 29. Re5 Qf6 30. Qd4 g5 31. Nh5 Qg6 32. Rxf5 Qxf5 33. Nf6+ Kg6
34. Nxe8 Rxe8 35. Qd7 Qd5+ 36. Qxd5 cxd5 37. Re5 Kf6 38. Rxd5 Rxe6 39. Rd7 Re2
40. Rxb7 Rxa2 41. Rb5 h5 42. h4 1/2-1/2

[Event "World Rapid Team 2023"]
[Site "Dusseldorf GER"]
[Date "2023.08.27"]
[Round "8.5"]
[Board "1"]
[White "Elier, Ali"]
[Black "Sargissian, Gabriel"]
[Result "0-1"]
[BlackTitle "GM"]
[WhiteElo "2187"]
[BlackElo "2692"]
[WhiteTeam "Wensing & Poebel"]
[BlackTeam "Armenia"]
[WhiteFideId "16217543"]
[BlackFideId "13300881"]
[EventDate "2023.08.26"]

1. e4 e5 2. Nf3 Nc6 3. Nc3 Nf6 4. d4 exd4 5. Nd5 Be7 6. Bc4 O-O 7. O-O d6 8.
Nxd4 Nxd4 9. Qxd4 Nxd5 10. Bxd5 Bf6 11. Qd3 Re8 12. c3 a5 13. Be3 Qe7 14. Rae1
c6 15. Bb3 Be6 16. Bd4 Bxd4 17. Qxd4 Bxb3 18. axb3 Qe5 19. Rd1 Qxe4 20. Qxd6 Qe7
21. Qxe7 Rxe7 22. Rfe1 Rxe1+ 23. Rxe1 Kf8 24. Kf1 Rd8 25. Ke2 Rd5 26. Ra1 Rb5
27. Ra3 Ke7 28. f4 h5 29. Ke3 Kd6 30. c4 Rf5 31. Ke4 g6 32. Ra1 b6 33. Rd1+ Kc5
34. h3 Rf6 35. g4 hxg4 36. hxg4 Re6+ 37. Kf3 f5 38. Rd7 Kb4 39. gxf5 gxf5 40.
Rf7 Kxb3 41. Rxf5 Kxc4 42. Rf8 Kb3 43. f5 Re1 44. Rf6 b5 45. Rxc6 b4 46. Ra6 a4
47. f6 Rb1 48. Ke3 Re1+ 49. Kd4 Rf1 50. Ke5 Rf2 51. Rb6 Re2+ 52. Kd5 Rxb2 53.
Kc5 Rc2+ 54. Kb5 Rc8 55. f7 a3 56. Rf6 Rb8+ 57. Kc5 Rf8 58. Rf3+ Ka4 59. Rf4 a2
60. Rxb4+ Ka3 61. Rb7 a1=Q 0-1

[Event "World Rapid Team 2023"]
[Site "Dusseldorf GER"]
[Date "2023.08.27"]
[Round "8.5"]
[Board "2"]
[White "Martirosyan, Haik M."]
[Black "Kracht, Raphael"]
[Result "1-0"]
[WhiteTitle "GM"]
[WhiteElo "2683"]
[BlackElo "2158"]
[WhiteTeam "Armenia"]
[BlackTeam "Wensing & Poebel"]
[WhiteFideId "13306553"]
[BlackFideId "16214382"]
[EventDate "2023.08.26"]

1. c4 Nf6 2. d4 e6 3. Bg5 Bb4+ 4. Nd2 h6 5. Bh4 g5 6. Bg3 Ne4 7. Nf3 h5 8. Qc2
Nxd2 9. Nxd2 Bxd2+ 10. Kxd2 Nc6 11. h4 d6 12. e3 g4 13. Qc3 Qf6 14. Bd3 Bd7 15.
b4 e5 16. b5 exd4 17. exd4 Ne7 18. d5 Qh6+ 19. Kc2 O-O-O 20. Qd4 Kb8 21. Bf4 Nf5
22. Bxf5 Bxf5+ 23. Kb3 Qg6 24. a4 Rhe8 25. Rhe1 Re4 26. Rxe4 Bxe4 27. a5 Bc2+
28. Kc3 Qe4 29. Qd2 Bd3 30. Ra4 Bf1 31. g3 Re8 32. b6 Qb1 33. bxc7+ Kxc7 34. Qd4
Re2 35. Qc5+ Kd7 36. Qxd6+ Ke8 37. Qb8+ Ke7 38. Bd6+ Kf6 39. Qh8+ Kg6 40. Qg8+
Kf6 41. Qg5# 1-0

[Event "World Rapid Team 2023"]
[Site "Dusseldorf GER"]
[Date "2023.08.27"]
[Round "8.5"]
[Board "3"]
[White "Garbuz, Vitaliy"]
[Black "Sargsyan, Shant"]
[Result "0-1"]
[BlackTitle "GM"]
[WhiteElo "2154"]
[BlackElo "2639"]
[WhiteTeam "Wensing & Poebel"]
[BlackTeam "Armenia"]
[WhiteFideId "12990710"]
[BlackFideId "13306766"]
[EventDate "2023.08.26"]

1. e4 g6 2. d4 Bg7 3. Nc3 a6 4. f4 b5 5. Nf3 Bb7 6. Bd3 d6 7. O-O Nd7 8. e5 e6
9. a4 b4 10. Ne4 Ne7 11. exd6 Nf5 12. dxc7 Qxc7 13. c3 bxc3 14. bxc3 O-O 15. g4
Nd6 16. Nxd6 Qxd6 17. Qe2 Rfc8 18. Bd2 Nf6 19. Ne5 Qd5 20. Kf2 Qg2+ 21. Ke1 Qh3
22. Rg1 Nd5 23. Rg3 Qh4 24. Nf3 Qf6 25. Be4 Rab8 26. Rb1 Qe7 27. Ne5 Nf6 28.
Bxb7 Rxb7 29. Rxb7 Qxb7 30. Qd3 Rb8 31. Qf3 Qb1+ 32. Qd1 Qe4+ 33. Kf2 Qd5 34.
Re3 Ne4+ 35. Kg1 Rb2 36. Rd3 Bxe5 37. fxe5 Qa2 0-1

[Event "World Rapid Team 2023"]
[Site "Dusseldorf GER"]
[Date "2023.08.27"]
[Round "8.5"]
[Board "4"]
[White "Gharibyan, Mamikon"]
[Black "Bartelt, Max Peter"]
[Result "1-0"]
[WhiteTitle "IM"]
[WhiteElo "2494"]
[BlackElo "2025"]
[WhiteTeam "Armenia"]
[BlackTeam "Wensing & Poebel"]
[WhiteFideId "13308300"]
[BlackFideId "12967289"]
[EventDate "2023.08.26"]

1. d4 Nf6 2. Bf4 d5 3. e3 c5 4. Nf3 Nc6 5. Nbd2 Bg4 6. c3 e6 7. Qb3 Qb6 8. Qxb6
axb6 9. Ne5 Be7 10. Bb5 Rc8 11. h3 Bh5 12. g4 Bg6 13. h4 h6 14. Nxg6 fxg6 15.
Rg1 Nd7 16. g5 Kf7 17. Ke2 Bd8 18. Rg3 Bc7 19. Bxc7 Rxc7 20. Rag1 e5 21. dxc5
bxc5 22. e4 Nb6 23. gxh6 Rxh6 24. h5 Ne7 25. exd5 Nbxd5 26. hxg6+ Rxg6 27. Bc4
Rxg3 28. Rxg3 g6 29. Rd3 Ke6 30. a4 Kd6 31. Bxd5 Nxd5 32. c4 Rh7 33. Ne4+ Kc6
34. cxd5+ Kb6 35. d6 c4 36. Rd5 Kc6 37. Rc5+ 1-0

[Event "World Rapid Team 2023"]
[Site "Dusseldorf GER"]
[Date "2023.08.27"]
[Round "8.5"]
[Board "5"]
[White "Kesselmeier, Kevin"]
[Black "Danielian, Elina"]
[Result "0-1"]
[BlackTitle "GM"]
[WhiteElo "2011"]
[BlackElo "2416"]
[WhiteTeam "Wensing & Poebel"]
[BlackTeam "Armenia"]
[WhiteFideId "16217551"]
[BlackFideId "13300210"]
[EventDate "2023.08.26"]

1. e4 d6 2. d4 g6 3. Nc3 Bg7 4. Be3 a6 5. Qd2 Nd7 6. h4 h6 7. h5 g5 8. O-O-O b5
9. d5 Ngf6 10. f3 Ne5 11. Bd3 c5 12. dxc6 Nxc6 13. f4 Ng4 14. fxg5 Nxe3 15. Qxe3
Qa5 16. Kd2 b4 17. Nd5 Bxb2 18. Ke2 Bd4 19. Qf4 Be5 20. Qe3 Nd4+ 21. Kf1 Be6 22.
Nf4 Bg4 23. Nf3 hxg5 24. Nxd4 gxf4 25. Qf2 Bxd1 26. Nf5 Qc5 27. Qd2 Rxh5 28.
Rxh5 Bxh5 29. Qe1 Bg6 30. Qh4 Bxf5 31. exf5 Kd7 32. Qg4 Rh8 33. Qf3 Rh1+ 34. Ke2
Qe3+ 0-1

[Event "World Rapid Team 2023"]
[Site "Dusseldorf GER"]
[Date "2023.08.27"]
[Round "8.5"]
[Board "6"]
[White "Atoyan, Alberto"]
[Black "Moeller, Lisa-Marie"]
[Result "1-0"]
[WhiteElo "1896"]
[BlackElo "1899"]
[WhiteTeam "Armenia"]
[BlackTeam "Wensing & Poebel"]
[WhiteFideId "13314831"]
[BlackFideId "12959367"]
[EventDate "2023.08.26"]

1. e4 c5 2. Nf3 e6 3. d4 cxd4 4. Nxd4 a6 5. Bd3 Qc7 6. c4 Nf6 7. O-O Nc6 8. Nxc6
dxc6 9. Nc3 e5 10. h3 h6 11. Be3 Be7 12. Na4 Be6 13. Nc5 Bc8 14. Qb3 O-O 15.
Rfd1 Nd7 16. Nxd7 Bxd7 17. Bb6 Qc8 18. c5 Bd8 19. Bxd8 Rxd8 20. Bc4 Be8 21. Rxd8
Qxd8 22. Qxb7 Rb8 23. Qxa6 Rxb2 24. Rf1 Qd4 25. Qc8 Kf8 26. Bb3 Qxc5 27. Qc7 Qd4
28. Qa5 c5 29. Bd5 Qb4 30. Qc7 c4 31. Qxc4 Qxc4 32. Bxc4 Bb5 33. Bxb5 Rxb5 34.
Rd1 Ra5 35. Rd2 Ke7 36. f3 Ra3 37. Kf2 Ke6 38. Ke2 f5 39. exf5+ Kxf5 40. Kd1 g5
41. Kc1 h5 42. Kb2 Ra5 43. Kb3 g4 44. hxg4+ hxg4 45. a4 gxf3 46. gxf3 Kf4 47.
Rd3 e4 48. fxe4 Kxe4 49. Rd8 Rd5 50. Rc8 Rd1 51. Re8+ Kf5 52. a5 Ra1 53. Kb4
Rb1+ 54. Kc5 Rc1+ 55. Kb6 Rb1+ 56. Ka7 Kf6 57. a6 Kf7 58. Rb8 Ra1 59. Rb6 Re1
60. Rb7+ Ke6 61. Kb8 Kd6 62. Rb6+ Kc5 63. Ka7 Re8 64. Rb7 Kc6 65. Rb6+ Kc7 66.
Rb1 Kc6 67. Rb8 Re7+ 68. Ka8 Rd7 69. a7 Re7 70. Rc8+ Rc7 71. Rh8 Re7 72. Kb8
Rb7+ 73. Ka8 Re7 74. Rc8+ Rc7 75. Kb8 1-0

[Event "World Rapid Team 2023"]
[Site "Dusseldorf GER"]
[Date "2023.08.27"]
[Round "8.6"]
[Board "1"]
[White "Dominguez Perez, Leinier"]
[Black "Jobava, Baadur"]
[Result "1-0"]
[WhiteTitle "GM"]
[BlackTitle "GM"]
[WhiteElo "2739"]
[BlackElo "2574"]
[WhiteTeam "Chess Pensioners"]
[BlackTeam "Columbus Energy KingsOfChess Krakow"]
[WhiteFideId "3503240"]
[BlackFideId "13601520"]
[EventDate "2023.08.26"]

1. e4 e5 2. Nf3 Nf6 3. Nxe5 d6 4. Nf3 Nxe4 5. d4 d5 6. Bd3 Bd6 7. O-O O-O 8. c4
c6 9. Re1 Re8 10. Qb3 h6 11. cxd5 cxd5 12. Nc3 Nxc3 13. Rxe8+ Qxe8 14. bxc3 Qd8
15. g3 Bf8 16. Bf4 Nc6 17. Re1 b6 18. Bb1 g6 19. h4 Bg7 20. Qb5 Bb7 21. h5 g5
22. Bc1 Qd6 23. Qd3 Kf8 24. Qh7 Rc8 25. Nxg5 Ne7 26. Bf4 Qf6 27. Nf3 Nc6 28. Ne5
Nb8 29. Ng4 1-0

[Event "World Rapid Team 2023"]
[Site "Dusseldorf GER"]
[Date "2023.08.27"]
[Round "8.6"]
[Board "2"]
[White "Pakleza, Zbigniew"]
[Black "Svidler, Peter"]
[Result "0-1"]
[WhiteTitle "GM"]
[BlackTitle "GM"]
[WhiteElo "2482"]
[BlackElo "2688"]
[WhiteTeam "Columbus Energy KingsOfChess Krakow"]
[BlackTeam "Chess Pensioners"]
[WhiteFideId "1119290"]
[BlackFideId "4102142"]
[EventDate "2023.08.26"]

1. d4 Nf6 2. Nf3 g6 3. Bf4 Bg7 4. e3 O-O 5. Be2 d6 6. h3 c5 7. c3 Qb6 8. Qb3 Be6
9. Qxb6 axb6 10. a3 Bd5 11. Nbd2 Bc6 12. O-O Nbd7 13. Bg3 Rfe8 14. Rfd1 Bf8 15.
c4 e6 16. Kf1 d5 17. Ne5 Nxe5 18. Bxe5 Nd7 19. Bg3 Bg7 20. Nf3 dxc4 21. Bxc4 b5
22. Be2 c4 23. b3 cxb3 24. Nd2 Bf8 25. Nxb3 Bxa3 26. Bf3 Nf6 27. Rd2 Nd5 28. Rc2
b4 29. Ke1 Ba4 30. Bxd5 exd5 31. Rb1 Rec8 32. Rc5 b6 33. Rxd5 Rc3 34. Nd2 b3 35.
Bd6 Bc6 36. Bxa3 Bxd5 37. Bb4 Rc2 38. e4 Ra4 39. Be7 Rxd4 40. exd5 Rdxd2 41.
Rxb3 Re2+ 42. Kd1 Rcd2+ 43. Kc1 Rxd5 0-1

[Event "World Rapid Team 2023"]
[Site "Dusseldorf GER"]
[Date "2023.08.27"]
[Round "8.6"]
[Board "4"]
[White "Gumularz, Szymon"]
[Black "Sadvakasov, Darmen"]
[Result "1/2-1/2"]
[WhiteTitle "GM"]
[BlackTitle "GM"]
[WhiteElo "2588"]
[BlackElo "2629"]
[WhiteTeam "Columbus Energy KingsOfChess Krakow"]
[BlackTeam "Chess Pensioners"]
[WhiteFideId "1188062"]
[BlackFideId "13700464"]
[EventDate "2023.08.26"]

1. e4 c5 2. Nf3 d6 3. d4 cxd4 4. Nxd4 Nf6 5. Nc3 a6 6. g3 e5 7. Nb3 Be7 8. Bg5
Nbd7 9. a4 h6 10. Be3 Qc7 11. Nd2 Nc5 12. Bg2 Bg4 13. Bf3 Be6 14. O-O O-O 15. a5
Rfd8 16. Nd5 Nxd5 17. exd5 Bh3 18. Re1 f5 19. b4 Nd7 20. c4 Bf6 21. Rc1 Rf8 22.
c5 e4 23. Be2 Ne5 24. Nc4 Nxc4 25. Rxc4 Be5 26. cxd6 Qf7 27. f4 Bxd6 28. Bc5
Rad8 29. Qd2 Rd7 30. Rec1 Rfd8 31. Bxd6 Rxd6 32. Rc7 R8d7 33. Rxd7 Qxd7 34. Rc5
Kh7 35. Qc3 Qf7 36. Rc7 Rd7 37. d6 e3 38. Qxe3 Rxc7 39. dxc7 Qxc7 40. Qc5 Qd7
41. Qc3 Qd5 42. Bf3 Qa2 43. Bxb7 Qb1+ 44. Kf2 Qf1+ 45. Ke3 Qg1+ 46. Kd2 Qxh2+
47. Kc1 Qg1+ 48. Kb2 Qf2+ 49. Ka3 Bf1 50. Bc8 Kg6 51. Bd7 Bb5 52. Bxb5 axb5 53.
Qc6+ Kh7 54. Qxb5 Qxg3+ 55. Ka4 Qxf4 56. a6 Qe4 57. Qb7 Qc2+ 58. Ka5 Qa2+ 59.
Kb6 Qf2+ 60. Kc7 Qf4+ 61. Kc8 Qc4+ 62. Kb8 Qf4+ 63. Kc8 Qc4+ 64. Kd7 Qf7+ 65.
Kd6 Qf6+ 66. Kd5 Qc3 67. Kd6 Qf6+ 68. Kc5 Qc3+ 69. Kb5 Qd3+ 70. Ka4 Qd1+ 71. Ka5
Qd8+ 72. Qb6 Qd5+ 73. Qc5 Qd8+ 74. Kb5 Qd3+ 75. Qc4 Qe3 76. Qc5 Qd3+ 77. Qc4 Qe3
78. Qc7 Qd3+ 79. Kb6 Qd4+ 80. Ka5 Qa1+ 81. Kb5 Qf1+ 82. Kb6 Qg1+ 83. Kb7 Qd4 84.
b5 Qe4+ 85. Ka7 f4 86. b6 f3 87. Qc5 Qf4 88. Qc2+ Kg8 89. b7 f2 90. b8=Q+ Qxb8+
91. Kxb8 f1=Q 92. a7 Qb5+ 93. Kc7 Qa5+ 94. Kb7 Qb5+ 95. Kc8 Qa6+ 96. Kb8 Qb5+
97. Ka8 Qe8+ 98. Kb7 Qb5+ 99. Kc7 Qa5+ 100. Kb7 Qb5+ 101. Ka8 1/2-1/2

[Event "World Rapid Team 2023"]
[Site "Dusseldorf GER"]
[Date "2023.08.27"]
[Round "8.6"]
[Board "5"]
[White "Houska, Jovanka"]
[Black "Kulon, Klaudia"]
[Result "0-1"]
[WhiteTitle "IM"]
[BlackTitle "IM"]
[WhiteElo "2340"]
[BlackElo "2320"]
[WhiteTeam "Chess Pensioners"]
[BlackTeam "Columbus Energy KingsOfChess Krakow"]
[WhiteFideId "405094"]
[BlackFideId "1131044"]
[EventDate "2023.08.26"]

1. d4 Nf6 2. Nf3 e6 3. c4 c5 4. d5 b5 5. dxe6 fxe6 6. cxb5 d5 7. e3 Bd6 8. Be2
O-O 9. b3 Nbd7 10. Bb2 Bb7 11. Nbd2 Qe7 12. Qc2 e5 13. e4 Nxe4 14. Nxe4 dxe4 15.
Nd2 e3 16. Qc4+ Kh8 17. fxe3 Nb6 18. Qg4 Bc8 19. Qg3 e4 20. Qxg7+ Qxg7 21. Bxg7+
Kxg7 22. Nxe4 Be7 23. Rc1 Bf5 24. Nxc5 Rac8 25. b4 Bg5 26. Rc3 Nd5 27. Ra3 Nxb4
28. Rxa7+ Kh6 29. Nb3 Nc2+ 30. Kd1 Nxe3+ 31. Ke1 Nc2+ 0-1